000 00238nam a22001097a 4500
020 _a978-1-84121-412-2
082 _a823
_bANH/R
100 _aANHOLT, LAURENCE
245 _aRUMPLY CRUMPLY STINKY PIN
260 _bORCHARD BOOKS
942 _cBK
999 _c5725
_d5725